LEADER 01085nam a2200217 4500 001 000000367246 003 CaOOAMICUS 005 20260415114708.0 008 260415s1905 it 000 u ita r 040 $aSeMil$bita 100 1 $aMarchese, Virginio.$0(OLS)http://semarc/name/67433 245 12$aL'accordo fra Chiesa e Stato restituito dalla riforma di Trento :$blettere del Sacerdote Virginio Marchese. 264 1$aSaluzzo :$bTipografia ditta Rovera e Campagno,$c1905. 300 $a234 p. ;$c22 cm 650 4$aChiesa cattolica - Rapporti [con gli] Stati - Storia.$0(OLS)http://semarc/subject/58598 650 4$aMarchese, Virginio - Lettere e carteggi.$0(OLS)http://semarc/subject/59950 850 $aSeMil 852 $aSeMil$W1$xVenegono$y1$m3A III 230$j270329$B257966$CSeMilBibl$Z2$F257966 $8M 996 $6245$aL'accordo fra Chiesa e Stato restituito dalla riforma di Trento :$blettere del Sacerdote Virginio Marchese$9(OLS)http://semarc/title/459139 996 $6264$aSaluzzo :$bTipografia ditta Rovera e Campagno$9(OLS)http://semarc/publisher/62997